[Event "Olomouc Chess Summer 2024 - D2"]
[Site "Olomouc (CZE), Hotel Flora"]
[Date "2024.08.11"]
[Round "3"]
[Board "1"]
[White "Green, Per"]
[Black "Kisa, Lubomir"]
[Result "1/2-1/2"]
[WhiteElo "1960"]
[BlackElo "2188"]
[PlyCount "0"]
[EventDate "2024.08.10"]
[EventRounds "9"]
[EventCountry "CZE"]

1. c4 e5 2. g3 Nc6 3. Bg2 g6 4. Nc3 Bg7 5. Nf3 d6 6. d3 Nge7 7. O-O O-O 8. a3 a5
9. Rb1 f5 10. e4 h6 11. b4 axb4 12. axb4 f4 13. b5 Nd4 14. gxf4 Bg4 15. Be3 Nxf3+
16. Bxf3 Bh3 17. Re1 exf4 18. Bd2 Qd7 19. Nd5 Nxd5 20. exd5 Rf5 21. Kh1 h5 22. b6
cxb6 23. Rxb6 Bd4 24. Rb1 Ra2 25. Re6 Rf6 26. Rxf6 Bxf6 27. Bxf4 Rxf2 28. Bg3 Rf1+
29. Qxf1 Bxf1 30. Rxf1 h4 31. Be1 Kg7 32. Be4 Be5 33. Rg1 Qh3 34. Rxg6+ Kf7  1/2-1/2

[Event "Olomouc Chess Summer 2024 - D2"]
[Site "Olomouc (CZE), Hotel Flora"]
[Date "2024.08.11"]
[Round "3"]
[Board "2"]
[White "Keprt, Pavel"]
[Black "Tarakanov, Oleg"]
[Result "1-0"]
[WhiteElo "1954"]
[BlackElo "2108"]
[PlyCount "0"]
[EventDate "2024.08.10"]
[EventRounds "9"]
[EventCountry "CZE"]

1. e4 e5 2. Bc4 Nf6 3. d3 c6 4. Qe2 d6 5. f4 Be7 6. Nf3 O-O 7. c3 exf4 8. Bxf4 d5
9. Bb3 dxe4 10. dxe4 Bc5 11. Nbd2 Nh5 12. Bg5 Qc7 13. O-O-O h6 14. Nd4 Nf4 15. Bxf4
Qxf4 16. Rdf1 Qc7 17. Rxf7 Rxf7 18. Rf1 Kh7 19. Rxf7 Qxh2 20. Be6 Na6 21. Qg4 Bxd4
22. cxd4 Qg1+ 23. Kc2 Qxd4  1-0

[Event "Olomouc Chess Summer 2024 - D2"]
[Site "Olomouc (CZE), Hotel Flora"]
[Date "2024.08.11"]
[Round "3"]
[Board "3"]
[White "Siebenburger, Vlastimil"]
[Black "Spanton, Tim R"]
[Result "1-0"]
[WhiteElo "1943"]
[BlackElo "1980"]
[PlyCount "0"]
[EventDate "2024.08.10"]
[EventRounds "9"]
[EventCountry "CZE"]

1. d4 d5 2. c4 e6 3. Nc3 Nf6 4. cxd5 exd5 5. Bg5 c6 6. Qc2 Na6 7. e3 Nc7 8. Bd3 Ne6
9. Bh4 Bd6 10. Nge2 h6 11. f3 Be7 12. e4 dxe4 13. fxe4 Nxd4 14. Nxd4 Qxd4 15. Bf2
Qe5 16. O-O-O Ng4 17. Bg3 Qg5+ 18. Rd2 Qc5 19. Kb1 Bg5 20. Re2 O-O 21. e5 Be6 22.
Ne4 Qxc2+ 23. Bxc2 Bc4 24. Ree1 Ne3 25. Nxg5 Nxc2 26. Kxc2 hxg5 27. h4 g4 28. h5
Rfd8 29. h6 Rd3 30. Bh4 gxh6 31. Re4 h5 32. Rxc4 Re3 33. Bf6 Re2+ 34. Kd3 Rxg2 35.
Rxh5 Rg3+ 36. Ke2 Rh3 37. Rxg4+ Kf8 38. Rxh3  1-0

[Event "Olomouc Chess Summer 2024 - D2"]
[Site "Olomouc (CZE), Hotel Flora"]
[Date "2024.08.11"]
[Round "3"]
[Board "4"]
[White "Mlynek, Petr"]
[Black "Chubar, Vladimir"]
[Result "1/2-1/2"]
[WhiteElo "1979"]
[BlackElo "1877"]
[PlyCount "0"]
[EventDate "2024.08.10"]
[EventRounds "9"]
[EventCountry "CZE"]

1. d4 e6 2. c4 f5 3. Nf3 Nf6 4. g3 d5 5. Bg2 c6 6. Qc2 Bd6 7. O-O O-O 8. Bf4 Be7
9. Nbd2 Ne4 10. h4 Nd7 11. Ne5 Nxe5 12. Bxe5 Bd6 13. Nf3 Bd7 14. Bxd6 Nxd6 15. Ne5
Ne4 16. Bxe4 fxe4 17. f3 exf3 18. Rxf3 Rxf3 19. exf3 Be8 20. Kg2 dxc4 21. Qxc4 Qd5
22. Qxd5 exd5 23. Re1 Kf8 24. f4 a5 25. f5 a4 26. Re3 Ra6 27. Ra3 Ke7 28. b3 axb3
29. Rxa6 bxa6 30. axb3 Kf6 31. b4 Kxf5 32. Kf3 h5 33. Ke3 g5 34. hxg5 Kxg5 35. Kf3
Kf5 36. Ke3 Kg5 37. Kf3  1/2-1/2

[Event "Olomouc Chess Summer 2024 - D2"]
[Site "Olomouc (CZE), Hotel Flora"]
[Date "2024.08.11"]
[Round "3"]
[Board "5"]
[White "Beil, Zdenek"]
[Black "Franc, Lubor"]
[Result "1-0"]
[WhiteElo "2185"]
[BlackElo "1838"]
[PlyCount "0"]
[EventDate "2024.08.10"]
[EventRounds "9"]
[EventCountry "CZE"]

1. Nf3 c6 2. e4 d5 3. Nc3 dxe4 4. Nxe4 Nf6 5. Qe2 Nxe4 6. Qxe4 Qd5 7. Qf4 Qf5 8.
Qa4 g6 9. d4 Bg7 10. Bd3 Qg4 11. O-O O-O 12. Re1 Qd7 13. Bg5 e6 14. Rad1 Qc7 15.
Qa3 Re8 16. c4 b6 17. d5 Bf8 18. Qb3 Na6 19. Bf1 Nc5 20. Qc2 a5 21. Nd4 Bd7 22. dxc6
Bxc6 23. Nxc6 Qxc6 24. g3 Ra7 25. Bg2 Qc8 26. b3 Be7 27. Be3 Bf6 28. a3 Rd8 29. b4
axb4 30. axb4 Rxd1 31. Rxd1 Nd7 32. c5 bxc5 33. bxc5 Rc7 34. c6 Nb8 35. Rc1 Kg7 36.
Bb6 Re7 37. c7  1-0

[Event "Olomouc Chess Summer 2024 - D2"]
[Site "Olomouc (CZE), Hotel Flora"]
[Date "2024.08.11"]
[Round "3"]
[Board "6"]
[White "Musil, Vitezslav"]
[Black "Urban, Zdenek"]
[Result "1/2-1/2"]
[WhiteElo "1904"]
[BlackElo "2167"]
[PlyCount "0"]
[EventDate "2024.08.10"]
[EventRounds "9"]
[EventCountry "CZE"]

1. e4 c5 2. Nf3 Nc6 3. d4 cxd4 4. Nxd4 Nf6 5. Nc3 d6 6. Be3 e5 7. Nb3 Be6 8. Be2
d5 9. exd5 Nxd5 10. Nxd5 Qxd5 11. Qxd5 Bxd5 12. O-O f5 13. Rfd1 O-O-O 14. c4 Bf7
15. Rxd8+ Kxd8 16. Rd1+ Kc7 17. f3 Be7 18. Nc1 Rd8 19. Rxd8 Bxd8 20. b3 Bf6 21. Bd3
Be6 22. Ne2 a6 23. Bd2 Be7 24. Kf2 h5 25. Nc3 g6 26. Na4 Bd7 27. Bc3 h4 28. g3 g5
29. gxh4 gxh4 30. Kg2 Nd4 31. f4 Bxa4 32. bxa4 Kd6 33. fxe5+ Kxe5 34. Bxd4+ Kxd4
35. Bxf5 a5 36. Bc8 b6 37. Ba6 Kc3 38. Bb5 Kb2 39. h3  1/2-1/2

[Event "Olomouc Chess Summer 2024 - D2"]
[Site "Olomouc (CZE), Hotel Flora"]
[Date "2024.08.11"]
[Round "3"]
[Board "7"]
[White "Sejkora, Vlastimil"]
[Black "Pesek, Petr"]
[Result "1-0"]
[WhiteElo "2112"]
[BlackElo "1903"]
[PlyCount "0"]
[EventDate "2024.08.10"]
[EventRounds "9"]
[EventCountry "CZE"]

1. e4 Nc6 2. Nf3 e5 3. Bb5 d6 4. c3 Bd7 5. d4 Nf6 6. Qe2 Be7 7. d5 Nb8 8. Bd3 Bg4
9. Be3 Nbd7 10. Nbd2 b6 11. b4 O-O 12. O-O h6 13. h3 Bh5 14. Rfc1 Nh7 15. g4 Bg6
16. Kg2 Ng5 17. Nh2 f6 18. h4 Nf7 19. Ndf1 a5 20. a4 Bh7 21. Ng3 g5 22. Nf3 gxh4
23. Nxh4 Kh8 24. Nhf5 Rg8 25. Rh1 Bf8 26. Bxh6 Nxh6 27. Nxh6 Qe8 28. Nhf5 Qg6 29.
Bb5 Rd8 30. Qf3 Qxg4 31. Rxh7+ Kxh7 32. Rh1+  1-0

[Event "Olomouc Chess Summer 2024 - D2"]
[Site "Olomouc (CZE), Hotel Flora"]
[Date "2024.08.11"]
[Round "3"]
[Board "8"]
[White "Kubicek, Antonin"]
[Black "Fiser, Jiri"]
[Result "1-0"]
[WhiteElo "2084"]
[BlackElo "1883"]
[PlyCount "0"]
[EventDate "2024.08.10"]
[EventRounds "9"]
[EventCountry "CZE"]

1. c4 f5 2. g3 Nf6 3. Bg2 g6 4. b3 Bg7 5. Bb2 d6 6. d4 O-O 7. Nf3 Ne4 8. O-O c5 9.
Nfd2 Nc6 10. Nxe4 fxe4 11. e3 cxd4 12. exd4 Qb6 13. c5 dxc5 14. dxc5 Qxc5 15. Bxg7
Kxg7 16. Qd2 e3 17. fxe3 Rxf1+ 18. Bxf1 Bf5 19. Qc3+ Qxc3 20. Nxc3 Rd8 21. Rd1 Rxd1
22. Nxd1 Kf6 23. Bg2 Ke5 24. Nc3 a6 25. Kf2 Bc8 26. Nd5 Be6 27. Nc3 Bf5 28. Bf3 Nd8
29. g4 Bd3 30. g5 b5 31. b4 Kd6 32. Ne4+ Bxe4 33. Bxe4 Nc6 34. a3 Kc7 35. h4 Ne5
36. Kg3 Kd6 37. h5 Ke6 38. Kf4 gxh5 39. Bf5+ Kd6 40. Bxh7 Ke6 41. Bf5+ Kd6  1-0

[Event "Olomouc Chess Summer 2024 - D2"]
[Site "Olomouc (CZE), Hotel Flora"]
[Date "2024.08.11"]
[Round "3"]
[Board "9"]
[White "Fleuren, Jan"]
[Black "Svub, Jan"]
[Result "1-0"]
[WhiteElo "2049"]
[BlackElo "1882"]
[PlyCount "0"]
[EventDate "2024.08.10"]
[EventRounds "9"]
[EventCountry "CZE"]

1. e4 d5 2. exd5 Qxd5 3. Nf3 Nf6 4. d4 c6 5. c4 Qd8 6. Nc3 Bg4 7. Be2 e6 8. O-O Be7
9. h3 Bh5 10. Bf4 O-O 11. g4 Bg6 12. Ne5 Nfd7 13. Nxg6 hxg6 14. Qd2 Nb6 15. b3 N8d7
16. Rad1 Bb4 17. Qe3 a5 18. a4 Re8 19. Na2 Bf8 20. Bf3 Nf6 21. Nc1 Ra6 22. Nd3 Ra8
23. Nc5 Qc8 24. Qc3 Nbd7 25. Nd3 Nb6 26. Rfe1 Rd8 27. Re5 Bd6 28. Rxa5 Rxa5 29. Qxa5
Bxf4 30. Nxf4 Qc7 31. Ng2 Ra8 32. Qd2 Rd8 33. Qe3 Nc8 34. Ne1 Qb6 35. Nc2 Qc7 36.
Kg2 Ne7 37. Ra1 Ra8 38. Qc3 Nd7 39. Re1 Nf6 40. Nb4 Rd8 41. Rd1 Rd7 42. Nd3 Rd8 43.
Nc5 Ra8 44. Ra1 Nd7 45. a5 Nxc5 46. dxc5 Kf8 47. b4 Kg8 48. Rd1 Rd8 49. Rd3 Rxd3
50. Qxd3 Kf8 51. Qd6 Qc8 52. b5 Ke8 53. h4 f6 54. Kf1 Kf7 55. Ke1 Ke8 56. Kd2 Kf7
57. Kc3 Ke8 58. Kb4 Kf7 59. a6 bxa6 60. Bxc6 Nxc6+ 61. Qxc6 Qxc6 62. bxc6 Ke7 63.
Ka5 Kd8 64. Kxa6 Kc8 65. Kb6 e5 66. c7 f5 67. Kc6 e4 68. Kd5 Kxc7 69. Ke5 fxg4 70.
Kxe4 Kc6 71. Kf4 Kxc5 72. Kxg4 Kxc4 73. Kg5 Kd5 74. Kxg6 Ke6 75. Kxg7 Kd5  1-0

[Event "Olomouc Chess Summer 2024 - D2"]
[Site "Olomouc (CZE), Hotel Flora"]
[Date "2024.08.11"]
[Round "3"]
[Board "10"]
[White "Kamminga, Rob"]
[Black "Brousek, Jiri"]
[Result "1/2-1/2"]
[WhiteElo "1998"]
[BlackElo "1822"]
[PlyCount "0"]
[EventDate "2024.08.10"]
[EventRounds "9"]
[EventCountry "CZE"]

1. e4 e6 2. d4 d5 3. Nc3 dxe4 4. Nxe4 Nd7 5. Nf3 Ngf6 6. Nxf6+ Nxf6 7. Bd3 c5 8.
dxc5 Bxc5 9. O-O O-O 10. Qe2 Qc7 11. Bg5 Be7 12. Rfe1 b6 13. Nd4 Bb7 14. Nf5 Nd5
15. Nxe7+ Nxe7 16. Qh5 Ng6 17. Re3 h6 18. Rae1 Nf4 19. Bxf4 Qxf4 20. Be4 Bxe4 21.
Rxe4 Qf6 22. c3  1/2-1/2

[Event "Olomouc Chess Summer 2024 - D2"]
[Site "Olomouc (CZE), Hotel Flora"]
[Date "2024.08.11"]
[Round "3"]
[Board "11"]
[White "Tylecek, Drahomir"]
[Black "Stancak, Andrej"]
[Result "0-1"]
[WhiteElo "1881"]
[BlackElo "1986"]
[PlyCount "0"]
[EventDate "2024.08.10"]
[EventRounds "9"]
[EventCountry "CZE"]

1. e4 c5 2. Nf3 d6 3. d4 cxd4 4. Nxd4 Nf6 5. Nc3 a6 6. Bg5 e6 7. f4 Be7 8. Qf3 Qc7
9. O-O-O Nbd7 10. g4 b5 11. Bxf6 Nxf6 12. g5 Nd7 13. Bg2 Bb7 14. Rhe1 O-O-O 15. Qg3
Nc5 16. a3 Kb8 17. Kb1 Rhe8 18. e5 Bxg2 19. Qxg2 d5 20. f5 Qb6 21. f6 Bf8 22. Qf3
g6 23. h4 Rd7 24. h5 Rc8 25. hxg6 hxg6 26. Re2 Rb7 27. Nb3 Na4 28. Re3 Rc4 29. Nd2
Rc8 30. Nb3 Rbc7 31. Rdd3 Bc5 32. Nxc5 Nxc5 33. Rd2 a5 34. Qe2 Rb7 35. b3 b4 36.
axb4 axb4 37. Na4 Nxa4 38. bxa4 Qa5 39. Rb3 Rc4 40. Qh2 Qxa4  0-1

[Event "Olomouc Chess Summer 2024 - D2"]
[Site "Olomouc (CZE), Hotel Flora"]
[Date "2024.08.11"]
[Round "3"]
[Board "12"]
[White "Kulhavy, Frantisek"]
[Black "Ortoft, Kai"]
[Result "1/2-1/2"]
[WhiteElo "1889"]
[BlackElo "1968"]
[PlyCount "0"]
[EventDate "2024.08.10"]
[EventRounds "9"]
[EventCountry "CZE"]

1. e4 d6 2. d4 Nf6 3. Nc3 Nbd7 4. f4 e5 5. dxe5 dxe5 6. fxe5 Nxe5 7. Qxd8+ Kxd8 8.
Bf4 Bd6 9. O-O-O Ke7 10. Kb1 c6 11. Nf3 Nfd7 12. Be2 f6 13. Rd2 Bc7 14. Be3 b6 15.
Rhd1 Nf8 16. Nd4 g6 17. h3 Ne6 18. Nf3 Rd8 19. Rxd8 Nxd8 20. Nd4 Bd7 21. Nf3 Ndf7
22. Bd4 Be6 23. Bxe5 Nxe5 24. a3 Rd8 25. Rxd8 Kxd8 26. Na2 Kd7 27. Nb4 Nxf3 28. Bxf3
Be5 29. Nd3 Kd6 30. Kc1 c5 31. Kd2 c4 32. Nxe5 Kxe5 33. Ke2  1/2-1/2

[Event "Olomouc Chess Summer 2024 - D2"]
[Site "Olomouc (CZE), Hotel Flora"]
[Date "2024.08.11"]
[Round "3"]
[Board "13"]
[White "Jenssen, Ove S"]
[Black "Papay, Jindrich"]
[Result "1-0"]
[WhiteElo "1857"]
[BlackElo "1941"]
[PlyCount "0"]
[EventDate "2024.08.10"]
[EventRounds "9"]
[EventCountry "CZE"]

1. e4 e6 2. d4 d5 3. Nd2 Nf6 4. e5 Nfd7 5. Bd3 c5 6. c3 Nc6 7. Ne2 Qb6 8. Nf3 cxd4
9. cxd4 Bb4+ 10. Bd2 Bxd2+ 11. Qxd2 Qb4 12. Rc1 Qxd2+ 13. Nxd2 Nb6 14. O-O Bd7 15.
f4 Nb4 16. Bb1 Bb5 17. Rfe1 Rc8 18. Rxc8+ Nxc8 19. Rc1 Kd7 20. Kf2 Nd3+ 21. Bxd3
Bxd3 22. Rc3 Bxe2 23. Kxe2 Ne7 24. Nf3 h6 25. h4 Nf5 26. Kf2 Ne7 27. h5 Nc6 28. g4
g6 29. hxg6 fxg6 30. Kg3 Rf8 31. a3 g5 32. fxg5 hxg5 33. Rd3 Rg8 34. b4 Nd8 35. Rd2
Rg7 36. Rh2 Kc6 37. a4 b5 38. Rh8 Nf7 39. Rc8+ Kb7 40. Re8 bxa4 41. Rxe6 Nd8 42.
Rd6 a3 43. Rxd5 Nc6 44. Nd2 Kb6 45. Nc4+  1-0

[Event "Olomouc Chess Summer 2024 - D2"]
[Site "Olomouc (CZE), Hotel Flora"]
[Date "2024.08.11"]
[Round "3"]
[Board "14"]
[White "Kolek, Josef"]
[Black "Bartos, Alois"]
[Result "1/2-1/2"]
[WhiteElo "1853"]
[BlackElo "1931"]
[PlyCount "0"]
[EventDate "2024.08.10"]
[EventRounds "9"]
[EventCountry "CZE"]

1. e4 c5 2. Nf3 Nc6 3. d4 cxd4 4. Nxd4 Nf6 5. Nc3 e5 6. Ndb5 d6 7. Bg5 a6 8. Na3
b5 9. Nd5 Be7 10. Bxf6 Bxf6 11. c3 Bg5 12. h4 Bh6 13. g4 g6 14. g5 Bg7 15. Qf3 Be6
16. O-O-O O-O 17. Bh3 Rb8 18. Nc2 Bxd5 19. Rxd5 b4 20. Rhd1 bxc3 21. bxc3 Qb6 22.
Bd7 Qb2+ 23. Kd2 Ne7 24. Rxd6 Qxa2 25. Ra1 Qb2 26. Rdxa6 Rfd8 27. Qd3 Qb7 28. Rd6
Bf8 29. Raa6 Qc7 30. Nb4 Rb7 31. Ba4 Rbb8 32. Rd7 Rxd7 33. Bxd7 Rd8 34. Rd6 Nc8 35.
Rd5 Nb6 36. Bb5 Nxd5 37. Nxd5 Qb8 38. c4 Kg7 39. Qf3 Qd6 40. Qc3 Qb4 41. Qxb4 Bxb4+
42. Ke3 Bc5+ 43. Kf3 Ra8 44. Kg3 h6 45. gxh6+ Kxh6 46. f4 Ra3+ 47. Kg4 Bd4 48. Be8
Kg7 49. h5 gxh5+ 50. Kxh5 Rg3 51. fxe5 Bxe5 52. c5 Rg1 53. c6 Rc1 54. Kg4 Kg6 55.
Bd7 Rc4 56. Bf5+ Kg7 57. Bd7 f6 58. Kf5  1/2-1/2

[Event "Olomouc Chess Summer 2024 - D2"]
[Site "Olomouc (CZE), Hotel Flora"]
[Date "2024.08.11"]
[Round "3"]
[Board "15"]
[White "Modrova, Hana"]
[Black "Voegerl, Ronald"]
[Result "0-1"]
[WhiteElo "1838"]
[BlackElo "1948"]
[PlyCount "0"]
[EventDate "2024.08.10"]
[EventRounds "9"]
[EventCountry "CZE"]

1. d4 Nf6 2. Nf3 e6 3. Bg5 h6 4. Bh4 b6 5. e3 Bb7 6. Nbd2 Be7 7. Bd3 d6 8. h3 Nbd7
9. c4 e5 10. Qc2 O-O 11. O-O-O e4 12. Nxe4 d5 13. Nxf6+ Nxf6 14. Bxf6 Bxf6 15. Ne5
c5 16. f4 cxd4 17. exd4 dxc4 18. Be4 Bd5 19. Kb1 Rc8 20. g4 Qd6 21. Bf5 Bxh1 22.
Bxc8 Rxc8 23. Rxh1 Qxd4 24. Qf5 Re8 25. Re1 Bxe5 26. fxe5 Qd3+ 27. Qxd3 cxd3 28.
Kc1 Rc8+ 29. Kd2 Rc2+ 30. Kxd3 Rxb2 31. Kc4 Rxa2 32. Kb5 Kf8 33. e6 f6 34. Rd1 Ke7
35. Rd7+ Kxe6 36. Rxg7 h5 37. gxh5 Ra5+ 38. Kc6 Rxh5 39. Rxa7 Rxh3 40. Kxb6 Rc3 41.
Kb5 Ke5 42. Kb4 Rc8 43. Re7+ Kf4 44. Re1 f5  0-1

[Event "Olomouc Chess Summer 2024 - D2"]
[Site "Olomouc (CZE), Hotel Flora"]
[Date "2024.08.11"]
[Round "3"]
[Board "16"]
[White "Hewson, Brian W R"]
[Black "Titera, Libor"]
[Result "0-1"]
[WhiteElo "2052"]
[BlackElo "1794"]
[PlyCount "0"]
[EventDate "2024.08.10"]
[EventRounds "9"]
[EventCountry "CZE"]

1. Nf3 c6 2. d4 d5 3. c4 e6 4. e3 f5 5. Qc2 Nf6 6. Bd3 Ne4 7. Nbd2 Bd6 8. a3 O-O
9. b4 Nd7 10. Bb2 Ndf6 11. Bxe4 fxe4 12. Ne5 Bxe5 13. dxe5 Ng4 14. O-O Qh4 15. h3
Nxf2 16. Nf3 Nxh3+ 17. Kh2 exf3 18. gxh3 Bd7 19. Rad1 Rf5 20. Rd4 Qh6 21. Qd2 Raf8
22. Rg4 f2 23. Rg3 Rf3 24. Qe2 Rxg3 25. Kxg3 Qg5+ 26. Kh2 Qf5 27. c5 Be8 28. Qg4
Qd3 29. Kg2 Qxe3 30. Qxe6+ Bf7 31. Qg4 d4 32. Qxd4 Bd5+ 33. Kh2 Qf3 34. Qg4 Qxg4
35. hxg4 Bc4 36. Kg2 Bxf1+ 37. Kxf1 Rf4  0-1

[Event "Olomouc Chess Summer 2024 - D2"]
[Site "Olomouc (CZE), Hotel Flora"]
[Date "2024.08.11"]
[Round "3"]
[Board "17"]
[White "Klimes, Jiri"]
[Black "Lorenc, Oldrich"]
[Result "0-1"]
[WhiteElo "1790"]
[BlackElo "2013"]
[PlyCount "0"]
[EventDate "2024.08.10"]
[EventRounds "9"]
[EventCountry "CZE"]

1. e4 g6 2. d4 Bg7 3. f4 d6 4. Nf3 Nf6 5. Bd3 O-O 6. O-O c5 7. c3 cxd4 8. cxd4 Qb6
9. Nbd2 Nc6 10. Nc4 Qc7 11. Be3 d5 12. Ncd2 dxe4 13. Nxe4 Ng4 14. Qe2 Nxe3 15. Qxe3
Qb6 16. Kh1 Nxd4 17. Nc3 Be6 18. Rac1 Rad8 19. Be4 Qxb2 20. Rb1 Qa3 21. Rxb7 Nxf3
22. Rxf3 Qxc3  0-1

[Event "Olomouc Chess Summer 2024 - D2"]
[Site "Olomouc (CZE), Hotel Flora"]
[Date "2024.08.11"]
[Round "3"]
[Board "18"]
[White "Petras, Milan"]
[Black "Koudelka, Milos"]
[Result "1-0"]
[WhiteElo "1985"]
[BlackElo "1770"]
[PlyCount "0"]
[EventDate "2024.08.10"]
[EventRounds "9"]
[EventCountry "CZE"]

1. d4 Nf6 2. Nf3 c6 3. Bf4 d6 4. c4 Nbd7 5. Nc3 Nh5 6. Bd2 e5 7. e3 g6 8. g4 Ng7
9. Rg1 Qe7 10. d5 e4 11. dxc6 bxc6 12. Nd4 Bb7 13. Qc2 c5 14. Ndb5 Nb6 15. Na4 Ne6
16. Bc3 f6 17. g5 Bg7 18. gxf6 Bxf6 19. Bxf6 Qxf6 20. Nxd6+ Ke7 21. Nxb7 Nxa4 22.
Qxa4 Qxb2 23. Rd1 Qxb7 24. Bh3 Qb4+ 25. Qxb4 cxb4 26. Bxe6 Kxe6 27. Rg4 a5 28. Rxe4+
Kf5 29. Rf4+ Kg5 30. Rd5+ Kh6 31. Kd2 Ra7 32. Rb5 Rd8+ 33. Rd4 Rf8 34. f4 Rf6 35.
Kc2 Re6 36. e4 Kg7 37. Kb3 Rea6 38. Ka4 Kf6 39. Rdd5 Rc7 40. c5 Rca7 41. Rb6+ Rxb6
42. cxb6 Rb7 43. Kxa5 Ke6 44. Ka6  1-0

[Event "Olomouc Chess Summer 2024 - D2"]
[Site "Olomouc (CZE), Hotel Flora"]
[Date "2024.08.11"]
[Round "3"]
[Board "19"]
[White "Marek, Jiri"]
[Black "Filipik, Jaroslav"]
[Result "0-1"]
[WhiteElo "1948"]
[BlackElo "1777"]
[PlyCount "0"]
[EventDate "2024.08.10"]
[EventRounds "9"]
[EventCountry "CZE"]

1. e4 d5 2. d4 dxe4 3. Nc3 e5 4. Be3 Bb4 5. Bc4 Nf6 6. Nge2 Nc6 7. O-O exd4 8. Nxd4
Bxc3 9. Nxc6 Qxd1 10. Raxd1 Bg4 11. Rb1 Bxb2 12. Rxb2 bxc6 13. Rb7 Nd5 14. Bxa7 O-O
15. Bc5 Rfb8 16. Rfb1 Rxb7 17. Rxb7 Bc8 18. Rb3 h6 19. h3 Be6 20. a3 Nf4 21. Bxe6
Nxe6 22. Be3 f5 23. g3 g5 24. Kg2 Kf7 25. Rc3 Ra6 26. Bc1 c5 27. Rc4 c6 28. a4 Ke7
29. f3 exf3+ 30. Kxf3 Kd6 31. Ke2 Kd5 32. Kd3 Rb6 33. a5 Rb4 34. Rxb4 cxb4 35. c4+
bxc3 36. a6 Nc5+ 37. Kxc3 Nxa6 38. h4 gxh4 39. gxh4 h5 40. Kd3 Nc5+ 41. Ke3 Ne6 42.
Bb2 c5 43. Bf6 Kc4 44. Be5 Kb3 45. Kd3 c4+ 46. Kd2 f4 47. Bf6 Kb4 48. Bc3+ Kc5 49.
Ke2 Kd5 50. Kf3 Nd4+ 51. Kf2 Ke4  0-1

[Event "Olomouc Chess Summer 2024 - D2"]
[Site "Olomouc (CZE), Hotel Flora"]
[Date "2024.08.11"]
[Round "3"]
[Board "20"]
[White "Dvorak, Vladimir"]
[Black "Kostal, Zdislav"]
[Result "1-0"]
[WhiteElo "1931"]
[BlackElo "1760"]
[PlyCount "0"]
[EventDate "2024.08.10"]
[EventRounds "9"]
[EventCountry "CZE"]

1. e4 e6 2. d4 d5 3. Nc3 c6 4. Be3 Nf6 5. e5 Nfd7 6. Nf3 Be7 7. Bd3 b5 8. Qd2 h6
9. Ne2 Nb6 10. b3 a5 11. O-O Na6 12. c3 Nc7 13. Qc2 Bd7 14. Nd2 O-O 15. f4 f5 16.
exf6 Bxf6 17. Nf3 Nc8 18. Ne5 Ne7 19. g4 Qe8 20. Ng3 Bxe5 21. dxe5 b4 22. f5 exf5
23. gxf5 d4 24. Bxd4 Nb5 25. Bc5 Nd5 26. e6 Bc8 27. c4 Na3 28. Qg2 Nf6 29. Ne4 Nxe4
 1-0

[Event "Olomouc Chess Summer 2024 - D2"]
[Site "Olomouc (CZE), Hotel Flora"]
[Date "2024.08.11"]
[Round "3"]
[Board "21"]
[White "Hlousek, Milan"]
[Black "Bjornes, Leif"]
[Result "0-1"]
[WhiteElo "1793"]
[BlackElo "1909"]
[PlyCount "0"]
[EventDate "2024.08.10"]
[EventRounds "9"]
[EventCountry "CZE"]

1. e4 c6 2. d4 d5 3. exd5 cxd5 4. Nf3 Nc6 5. Be2 Bf5 6. O-O e6 7. c3 Bd6 8. Nbd2
h6 9. Re1 Nf6 10. Nh4 Bh7 11. Nhf3 O-O 12. a4 Rc8 13. b4 Nxb4 14. Bb2 Nc2 15. Rf1
Nxa1 16. Qxa1 Ne4 17. Nxe4 Bxe4 18. Nd2 Bg6 19. Bf3 Bf4 20. Qd1 Qa5 21. g3 Bxd2 22.
Qxd2 Rc4 23. Ba3 Qxc3 24. Qxc3 Rxc3 25. Bxf8 Kxf8 26. Be2 Rc2 27. Bb5 a6  0-1

[Event "Olomouc Chess Summer 2024 - D2"]
[Site "Olomouc (CZE), Hotel Flora"]
[Date "2024.08.12"]
[Round "4"]
[Board "1"]
[White "Siebenburger, Vlastimil"]
[Black "Keprt, Pavel"]
[Result "0-1"]
[WhiteElo "1943"]
[BlackElo "1954"]
[PlyCount "0"]
[EventDate "2024.08.10"]
[EventRounds "9"]
[EventCountry "CZE"]

1. e4 d5 2. exd5 Qxd5 3. Nc3 Qa5 4. d4 Nf6 5. Bc4 Bf5 6. Bd2 c6 7. Nd5 Qd8 8. Nxf6+
gxf6 9. Ne2 e6 10. Be3 Nd7 11. Ng3 Bg6 12. h4 h5 13. Bb3 Bd6 14. Qd2 Qc7 15. O-O-O
O-O-O 16. Ne2 Nb6 17. Nf4 Bf5 18. c4 c5 19. dxc5 Bxc5 20. Qa5 Bxe3+ 21. fxe3 Kb8
22. Rxd8+ Rxd8 23. Rd1 Rc8 24. Ne2 Bg4 25. Rd2 Bxe2 26. Rxe2 Nxc4 27. Qxc7+ Rxc7
28. Kd1 Kc8 29. Ke1 Kd8 30. g4 hxg4 31. h5 Ne5 32. h6 Rc1+ 33. Bd1 Nf3+ 34. Kf2 Rxd1
35. Kg2 Ng5  0-1

[Event "Olomouc Chess Summer 2024 - D2"]
[Site "Olomouc (CZE), Hotel Flora"]
[Date "2024.08.12"]
[Round "4"]
[Board "2"]
[White "Kisa, Lubomir"]
[Black "Mlynek, Petr"]
[Result "1/2-1/2"]
[WhiteElo "2188"]
[BlackElo "1979"]
[PlyCount "0"]
[EventDate "2024.08.10"]
[EventRounds "9"]
[EventCountry "CZE"]

1. e4 c6 2. Nf3 d5 3. Nc3 dxe4 4. Nxe4 Nf6 5. Nxf6+ exf6 6. d4 Bd6 7. Bc4 O-O 8.
O-O Re8 9. a4 Bg4 10. Be3 Nd7 11. Be2 Nf8 12. Nd2 Bxe2 13. Qxe2 Ng6 14. Qf3 Qd7 15.
g3 Re7 16. Nc4 Bc7 17. Rfd1 Qd5 18. Qxd5 cxd5 19. Na3 f5 20. c4 f4 21. Bd2 dxc4 22.
Nxc4 Rd8 23. Bc3 Red7 24. Re1 Ne7  1/2-1/2

[Event "Olomouc Chess Summer 2024 - D2"]
[Site "Olomouc (CZE), Hotel Flora"]
[Date "2024.08.12"]
[Round "4"]
[Board "3"]
[White "Stancak, Andrej"]
[Black "Beil, Zdenek"]
[Result "0-1"]
[WhiteElo "1986"]
[BlackElo "2185"]
[PlyCount "0"]
[EventDate "2024.08.10"]
[EventRounds "9"]
[EventCountry "CZE"]

1. e4 c5 2. Nf3 a6 3. c4 e6 4. Nc3 Nc6 5. d4 cxd4 6. Nxd4 d6 7. Be2 Bd7 8. O-O Nf6
9. Be3 Be7 10. Qd2 O-O 11. Rac1 Qb8 12. Rfd1 Rd8 13. a4 b6 14. f4 Bf8 15. Bf3 e5
16. Nf5 exf4 17. Bxf4 Ne5 18. Be2 Bxf5 19. exf5 Re8 20. Bg5 Nfd7 21. Nd5 f6 22. Be3
Nc5 23. Qc2 a5 24. Bh5 Rc8 25. b3 Ra7 26. Rb1 Ncd7 27. Qf2 Rb7 28. Kh1 Rc6 29. Bd4
Qd8 30. Rd2 Kh8 31. Rg1 Nc5 32. Qe3 Ncd7 33. Bd1 Qe8 34. g4 Qf7 35. Qg3 Rb8 36. h4
Re8 37. g5 fxg5 38. hxg5 Qxf5 39. Rf2 Qe4+  0-1

[Event "Olomouc Chess Summer 2024 - D2"]
[Site "Olomouc (CZE), Hotel Flora"]
[Date "2024.08.12"]
[Round "4"]
[Board "4"]
[White "Green, Per"]
[Black "Sejkora, Vlastimil"]
[Result "1/2-1/2"]
[WhiteElo "1960"]
[BlackElo "2112"]
[PlyCount "0"]
[EventDate "2024.08.10"]
[EventRounds "9"]
[EventCountry "CZE"]

1. c4 Nf6 2. g3 g6 3. Bg2 Bg7 4. Nc3 d6 5. d4 O-O 6. h3 Nc6 7. Nf3 a6 8. e4 e5 9.
dxe5 dxe5 10. Qxd8 Rxd8 11. Bg5 Be6 12. Nd5 Bxd5 13. cxd5 Nb4 14. O-O Re8 15. Bxf6
Bxf6 16. a3 Nd3 17. b4 a5 18. Rfd1 Nb2 19. Rdc1 axb4 20. axb4 Rxa1 21. Rxa1 Nd3 22.
b5 Nc5 23. Nd2 b6 24. Ra7 Bd8 25. Bf1 Bg5 26. Nc4 Nxe4 27. Rxc7 Re7 28. Rc8+ Kg7
29. Nxb6 Nxg3 30. d6 Rb7 31. fxg3 Rxb6 32. Rc6 Bd8 33. Bc4 Kf6 34. Rc7 Rxd6 35. Rxf7+
Kg5 36. Be2  1/2-1/2